Wszystkie drogi ekspresowe w Polsce - Statystyki

Ogólne statystyki
  • Ten quiz został rozwiązany 119 razy
  • Średni wynik to 18 z 22
Statystyki odpowiedzi
Trasa Numer % Poprawnych
Świecko - Siedlce A2
91%
Jędrzychowice - Korczowa A4
91%
Świnoujście - Lubawka S3
91%
Pruszcz Gdański - Gorzyczki A1
89%
Zwardoń - Pyszowice S1
88%
Szczecin - Rusocin S6
86%
Kołobrzeg - Piekary Śląskie S11
84%
Gdynia - Rabka-Zdrój S7
83%
Ostróda - Wrocław S5
82%
Konotopa - Majdan S2
80%
Kłodzko - Choroszcz S8
80%
Szczecin - Naruszewo S10
79%
Piotrków Trybunalski - Dorohusk S12
78%
Rondo Emilia (Łódź) - Węzeł Roża S14
78%
Warszawa - Hrebenne S17
78%
Kuźnica Białostocka - Barwinek S19
78%
Cieszyn - Kraków S52
78%
Olsztyn - Knyszyn S16
75%
Elbląg - Grzechotki-Mamonowo S22
75%
CPK - Mińsk Mazowiecki S50 | A50
71%
Ostrów Mazowiecka - Budzisko S61
66%
Sulejów - Zarzecze S74
61%
Nie znaleziono quizów pasujących do podanych kryteriów
Rozkład punktacji
Procent ludzi z każdym wynikiem
Percentyl według liczby udzielonych odpowiedzi
Twoja historia wyników
Nie rozwiązałeś tego quizu